000 00510nam a2200181Ia 4500
003 GCL
008 140319s9999 xx 000 0 ara d
040 _aGCL /
_cGCL
082 0 4 _a956.5
_bا ت
100 1 _aاحمد ارحيم هبو
245 1 0 _aتاريخ الشرق القديم:(1) سورية /
_cاحمد ارحيم هبو
260 _a[S.N] :
_bدار الحكمة اليمنية ،
_c1993
300 _a278 ص
490 _a
650 0 4 _aتاريخ
650 0 4 _aسوريا
942 _2ddc
_cBK
999 _c55665
_d55665